000 01009aam a2200385 4500
005 20251023151824.0
008 150714b2004 xxu||||| |||| 00| 0 spa d
020 _a9875270970
041 _aESP
082 _a363.25 R425i2
100 _aRaúl Juan, Héctor
_928465
245 _aIntroducción a la ciencia de la criminalística
250 _a2 edición
260 _aArgentina
260 _bJurídicas Cuyo
260 _c2004
300 _a307 páginas
490 _aInvestigación Criminal
650 _aCRIMINALISTICA
650 _aHISTORIA
650 _aMÉTODO CIENTÍFICO
650 _aDERECHO
650 _aINSPECCIÓN OCULAR
650 _aPRUEBA INDICIARIA
650 _aINSPECCIÓN DEL CADÁVER
650 _aHOMICIDIOS
650 _aSUICIDIOS
650 _aACCIDENTES
650 _aDICTAMEN PERICIAL
650 _aESCENA DEL DELITO
650 _aSCOPOMETRÍA
650 _aFOTOGRAFÍA FORENSE
650 _aHERIDAS POR ARMA DE FUEGO
942 _cBK
_2ddc
999 _c1707
_d1707